<?xml version="1.0" encoding="UTF-8"?>
<record
    xmlns:xsi="http://www.w3.org/2001/XMLSchema-instance"
    xsi:schemaLocation="http://www.loc.gov/MARC21/slim http://www.loc.gov/standards/marcxml/schema/MARC21slim.xsd"
    xmlns="http://www.loc.gov/MARC21/slim">

  <leader>00316nam a2200109Ia 4500</leader>
  <datafield tag="999" ind1=" " ind2=" ">
    <subfield code="c">4316</subfield>
    <subfield code="d">4316</subfield>
  </datafield>
  <controlfield tag="003">yeezen</controlfield>
  <controlfield tag="005">20201029111718.0</controlfield>
  <controlfield tag="008">180213s9999||||xx |||||||||||||| ||und||</controlfield>
  <datafield tag="020" ind1=" " ind2=" ">
    <subfield code="c">NT360</subfield>
    <subfield code="a">978-986-93216-6-2</subfield>
  </datafield>
  <datafield tag="100" ind1=" " ind2=" ">
    <subfield code="a">&#x674E;&#x923A;&#x79CB;</subfield>
  </datafield>
  <datafield tag="245" ind1=" " ind2="0">
    <subfield code="c">&#x674E;&#x923A;&#x79CB;</subfield>
    <subfield code="a">&#x7528;&#x5DE6;&#x53F3;&#x8166;&#x5168;&#x5716;&#x89E3;&#x80CC;&#x65B0;&#x591A;&#x76CA;&#x55AE;&#x5B57;(&#x9644;1MP3+&#x9632;&#x6C34;&#x66F8;&#x5957;)</subfield>
  </datafield>
  <datafield tag="250" ind1=" " ind2=" ">
    <subfield code="a">&#x521D;&#x7248;</subfield>
  </datafield>
  <datafield tag="260" ind1=" " ind2=" ">
    <subfield code="c">2017</subfield>
    <subfield code="a">&#x53F0;&#x5317;&#x5E02;</subfield>
  </datafield>
  <datafield tag="942" ind1=" " ind2=" ">
    <subfield code="2">ccl</subfield>
    <subfield code="c">BOOK</subfield>
  </datafield>
  <datafield tag="952" ind1=" " ind2=" ">
    <subfield code="0">0</subfield>
    <subfield code="1">0</subfield>
    <subfield code="4">0</subfield>
    <subfield code="7">0</subfield>
    <subfield code="a">yeezen</subfield>
    <subfield code="b">yeezen</subfield>
    <subfield code="d">2018-02-13</subfield>
    <subfield code="l">8</subfield>
    <subfield code="m">2</subfield>
    <subfield code="o">805.1895</subfield>
    <subfield code="p">C02400</subfield>
    <subfield code="q">2026-04-23</subfield>
    <subfield code="r">2026-04-09 00:00:00</subfield>
    <subfield code="s">2026-04-09</subfield>
    <subfield code="w">2018-02-13</subfield>
    <subfield code="y">BOOK</subfield>
  </datafield>
</record>
